El mercado argentino de los alimentos orgánicos (Registro nro. 22753)
[ vista simple ]
| 000 -LEADER | |
|---|---|
| fixed length control field | 00354 a2200121 4500 |
| 001 - CONTROL NUMBER | |
| control field | ART_6406 |
| 005 - DATE AND TIME OF LATEST TRANSACTION | |
| control field | 20260410161826.0 |
| 008 - FIXED-LENGTH DATA ELEMENTS--GENERAL INFORMATION | |
| fixed length control field | 260409a |
| 100 1# - MAIN ENTRY--PERSONAL NAME | |
| Personal name | Rodriguez, Elsa |
| 245 10 - TITLE STATEMENT | |
| Title | El mercado argentino de los alimentos orgánicos |
| 700 1# - ADDED ENTRY--PERSONAL NAME | |
| Personal name | Gentile, Natacha |
| 773 0# - HOST ITEM ENTRY | |
| Title | FACES |
| Related parts | - Año 8, Nº 13 (ene./abr. 2002) |
| Record control number | REV5046 |
No hay ítems disponibles.